Les Pokémon les plus Puissants par type - Statistiques

Statistiques générales
  • Ce quiz a été pris 646 fois
  • Le résultat moyen est 48 sur 90
Statistiques - réponses
Hint Réponse % Correct
Normal Arceus
79%
Acier Arceus-Acier
79%
Combat Arceus-Combat
79%
Dragon Arceus-Dragon
79%
Eau Arceus-Eau
79%
Electrik Arceus-Electrik
79%
Fée Arceus-Fée
79%
Feu Arceus-Feu
79%
Glace Arceus-Glace
79%
Insect Arceus-Insect
79%
Plante Arceus-Plante
79%
Poison Arceus-Poison
79%
Psy Arceus-Psy
79%
Roche Arceus-Roche
79%
Sol Arceus-Sol
79%
Spectre Arceus-Spectre
79%
Ténèbres Arceus-Ténèbres
79%
Vol Arceus-Vol
79%
Acier Dialga
79%
Vol Rayquaza
78%
Sol Groudon
75%
Eau Palkia
75%
Eau Kyogre
73%
Electrik Zekrom
73%
Glace Kyurem
71%
Dragon Kyurem Blanc
71%
Glace Kyurem Blanc
71%
Glace Kyurem Noir
71%
Feu Reshiram
71%
Spectre Giratina (normal ou originel)
68%
Fée Xerneas
68%
Ténèbres Yveltal
66%
Feu Ho-Oh
65%
Vol Lugia
64%
Dragon Méga-Rayquaza
63%
Vol Méga-Rayquaza
63%
Feu Primo-Groudon
62%
Sol Primo-Groudon
62%
Eau Primo-Kyogre
62%
Acier Solgaleo
60%
Combat Méga-Mewtwo X
58%
Psy Méga-Mewtwo X
58%
Dragon Zygarde (forme complète)
58%
Sol Zygarde (forme complète)
58%
Psy Méga-Mewtwo Y
57%
Normal Regigigas
57%
Spectre Lunala
55%
Spectre Necrozma (Ailes de l'Aurore)
52%
Acier Necrozma (Crinière du couchant)
52%
Acier Méga-Métalosse
51%
Psy Méga-Métalosse
51%
Dragon Ultra-Necrozma
50%
Psy Ultra-Necrozma
50%
Vol Méga-Drattak
49%
Normal Monaflèmit
47%
Insect Genesect
46%
Sol Méga-Carchacrok
46%
Feu Méga-Dracaufeu X
44%
Plante Méga-Florizarre
43%
Poison Méga-Florizarre
43%
Fée Méga-Diancie
42%
Roche Méga-Diancie
42%
Combat Méga-Lucario
41%
Combat Méga-Brasegali
39%
Poison Méga-Ectoplasma
38%
Spectre Méga-Ectoplasma
38%
Plante Méga-Jungko
36%
Insect Méga-Cizayox
35%
Roche Méga-Tyranocif
34%
Ténèbres Méga-Tyranocif
34%
Fée Méga-Gardevoir
33%
Plante Celebi
32%
Plante Shaymin (forme céleste)
31%
Insect Méga-Scarhino
30%
Ténèbres Hoopa (forme déchaînée)
29%
Electrik Electhor
27%
Combat Méga-Gallame
27%
Insect Méga-Scarabrute
26%
Fée Magearna
25%
Roche Tyranocif
25%
Eau Méga-Léviator
24%
Ténèbres Méga-Léviator
24%
Electrik Méga-Pharamp
23%
Normal Méga-Kangourex
21%
Glace Méga-Blizzaroi
18%
Roche Méga-Ptéra
16%
Poison Silvallié-Poison
16%
Electrik Fulguris
15%
Normal Meloetta
15%
Poison Zéroïd
15%
Aucun quiz correspondant
Distribution des résultats
% des personnes avec chaque résultat
Percentile par nombre de réponses
Votre historique - résultats
Vous n’avez pas pris ce quiz